Stopping time techniques for analysts and probabilists

Αποθηκεύτηκε σε:
Λεπτομέρειες βιβλιογραφικής εγγραφής
Κύριος συγγραφέας: Egghe, L. (Leo)
Μορφή: Βιβλίο
Γλώσσα:English
Δημοσίευση: Cambridge [Cambridgeshire] : New York : Cambridge University Press, 1984
Σειρά:London Mathematical Society lecture note series ; ; 100
Θέματα:
Ετικέτες: Προσθήκη ετικέτας
Δεν υπάρχουν, Καταχωρήστε ετικέτα πρώτοι!

MARC

LEADER 00000cam a2200000 i 4500
001 1/37377
008 941103s1984 eng d
020 |a 0521317150 
035 |l 10040493 
040 |a GR-MY-UA  |b gre  |e aacr 
041 0 |a eng 
082 0 |a 519.287 
100 1 |a Egghe, L.  |q (Leo) 
245 1 0 |a Stopping time techniques for analysts and probabilists /  |c L. Egghe 
260 |a Cambridge [Cambridgeshire] :   |a New York :   |b Cambridge University Press,   |c 1984 
300 |a 351 p.;  |b ill.;  |c 23 cm 
490 1 |a London Mathematical Society lecture note series  |v ; 100 
500 |a Includes index 
504 |a Bibliography: p. 333-343 
650 0 0 |a Martingales (Mathematics) 
650 0 0 |a Convergence. 
830 0 |a London Mathematical Society lecture note series ;  |v ; 100 
852 |a INST  |b SAMOS  |e 19941103  |h 519.287 EGG  |p 005300007040  |q 005300007040  |t BK  |y 0 
909 |a Σ  |b 033624